| 000 | 00000nas 2200000za 4500 |
| 001 | 9.504411 |
| 003 | CaOODSP |
| 005 | 20200325125534 |
| 007 | cr ||||||||||| |
| 008 | 150406c1993||||xxc|| m o||||f| |0eng|d |
| 040 | |aCaOODSP|beng |
| 043 | |an-cn--- |
| 086 | 1 |aA54-9E-PDF |
| 130 | 0 |aTechnical bulletin (Horticultural Research and Development Centre (Canada)) |
| 245 | 10|aTechnical bulletin |h[electronic resource] / |cHorticultural Research and Development Centre. |
| 260 | |aSaint-Jean-sur-Richelieu, Québec : |bHorticultural R & D Centre, Research Branch, Agriculture and Agri-Food Canada, |c[1993]-. |
| 310 | |aIrregular |
| 690 | 07|aAgriculture|2gcpds |
| 690 | 07|aResearch|2gcpds |
| 710 | 1 |aCanada. |bAgriculture and Agri-Food Canada. |bResearch Branch. |
| 775 | 08|tBulletin technique |w(CaOODSP)9.500836 |
| 776 | 0#|tTechnical bulletin / |w(CaOODSP)9.514413 |